Statistiche per Indovina la saga dal protagonista (film)

Clicka qui per fare il quiz!

Statistiche generali

  • Questo quiz è stato fatto 18 volte
  • Il punteggio medio è 11 su 15

Statistiche sulle risposte

PersonaggioSaga% Corretto
James BondAgente 007
100%
Vito CorleoneIl Padrino
100%
Capitano Jack SparrowPirati dei Caraibi
100%
Luke SkywalkerStar Wars
100%
Dominic TorettoFast & Furious
94%
Marty McFlyRitorno al futuro
94%
Bilbo BaggingsLo Hobbit
88%
NeoMatrix
82%
Bella SwanTwilight
71%
Ethan HuntMission Impossible
65%
Katniss EverdeenHunger Games
59%
Beatrix KiddoKill Bill
41%
Daniel LaRussoThe Karate Kid
41%
John McClaneDie Hard
35%
Beatrice "Tris" PriorDivergent
35%

Distribuzione punteggi

Percentile per numero di risposta

Percentuale di utenti per punteggio

I tuoi punteggi nel tempo

Non hai fatto questo quiz